000 00789nam a22002537a 4500
001 000556
003 DO-SdBNP
005 20180130102757.0
007 000556
008 161017b 1992 sp ||||| |||| 00| 0 spa d
020 _a8479693002
040 _aBPMSU
_bspa
_cBPMSU
092 _axxxxx
_bxxxxx
100 1 _aAlas, Leopoldo,
_d1852-1901.
245 1 0 _aEl caballero de la mesa redonda y otros relatos /
_cLeopoldo Alas "Clarín"
260 _a[Madrid] :
_bCompañía Europea de Comunicación e Información :
_bAnaya,
_c1992.
300 _a94 p. ;
_c19 cm.
490 1 _aBiblioteca de El sol
_v266
500 _aIncluye datos del autor.
830 0 _aBiblioteca de El sol ;
_v266
942 _2ddc
_cBK
945 _aInventariado, 2018/ YL
956 _aLOPEREZ
_b10
_cBPMSU
999 _c11578
_d11578